Product development utilising sheep milk whey

Authors investigated the use of whey issued in the cheese making from sheep milk. First of all they emphasise the nutritional value of whey shortly. The further part of paper they report the result relating the experimental cheese making, the cheese yield, the distribution of the raw milk constituen...

Teljes leírás

Elmentve itt :
Bibliográfiai részletek
Szerzők: Fenyvessy József
Csanádi József
Eszes Ferenc
Dokumentumtípus: Cikk
Megjelent: 2007
Sorozat:Review of faculty of engineering : analecta technica Szegedinensia
Kulcsszavak:Természettudomány
Online Access:http://acta.bibl.u-szeged.hu/11758
LEADER 01595nab a2200217 i 4500
001 acta11758
005 20210127100303.0
008 161015s2007 hu o 0|| eng d
022 |a 1788-6392 
040 |a SZTE Egyetemi Kiadványok Repozitórium  |b hun 
041 |a eng 
100 1 |a Fenyvessy József 
245 1 0 |a Product development utilising sheep milk whey  |h [elektronikus dokumentum] /  |c  Fenyvessy József 
260 |c 2007 
300 |a 37-41 
490 0 |a Review of faculty of engineering : analecta technica Szegedinensia 
520 3 |a Authors investigated the use of whey issued in the cheese making from sheep milk. First of all they emphasise the nutritional value of whey shortly. The further part of paper they report the result relating the experimental cheese making, the cheese yield, the distribution of the raw milk constituents between the cheese and whey. They developed a technology for soft cheese from sheep milk whey. Beyond the technology operation and parameters they gave transferring ratios in the course of production. They processed a possible technology for making whey cheese. In their experiments the whey cheese yield was 10.23% and the transfer of total solids from sheep milk into whey cheese was 44.32% respectively. Authors feel it necessary to make more experiments in order to reach higher yield and more advantageous sensory properties for the dairy adaptation. 
695 |a Természettudomány 
700 0 1 |a Csanádi József  |e aut 
700 0 1 |a Eszes Ferenc  |e aut 
856 4 0 |u http://acta.bibl.u-szeged.hu/11758/1/engineering_2007_037-041.pdf  |z Dokumentum-elérés